Most popular US beer brands - Statistics

General Stats
  • This quiz has been taken 91 times
  • The average score is 4 of 10
Answer Stats
Hint Answer % Correct
5 Budweiser
91%
8 Coors
88%
3 Corona
66%
2 Heineken
63%
1 Guinness
41%
7 Blue Moon
27%
9 Stella Artois
21%
4 Samuel Adams
16%
10 Dos Equis
12%
6 Corona Light
4%
No matching quizzes found
Score Distribution
Percent of People with Each Score
Percentile by Number Answered
Your Score History
You have not taken this quiz